Vida de San Francisco de Borja, Duque Cuarto de Gandía, Virrey de Cataluña, y después tercer General de la Compañía de Jesús / por el V. P. Juan Eusebio Nieremberg

Shranjeno v:
Bibliografske podrobnosti
Glavni avtor: Nieremberg, Juan Eusebio (autor)
Format: Knjiga
Teme:
Oznake: Označite
Brez oznak, prvi označite!

MARC

LEADER 00000nam^a2200000^u^4500
001 000545032
005 20250521000000.0
008 060220s1000^^^^^^^^^^^^r^^^^^000^0^spa^d
009 20260310131341.288
035 |a FMI 000014384 
037 |a Acervo Xavier Clavigero 
096 |a 3.6.1/2/C 
100 |a Nieremberg, Juan Eusebio  |e (autor) 
245 1 0 |a Vida de San Francisco de Borja, Duque Cuarto de Gandía, Virrey de Cataluña, y después tercer General de la Compañía de Jesús / por el V. P. Juan Eusebio Nieremberg 
264 |a Madrid : Apostolado de la Prensa, 1901 
300 |a 512 p. 
336 |a texto  |b txt  |2 rdacontenido 
337 |a sin mediación  |b n  |2 rdamedio 
338 |a volumen  |b nc  |2 rdasoporte 
649 |a XX 
650 |a 1.Borja, Francisco de (San) 
650 |a Vidas de Santos 
910 |a Fondo Francisco Migoya Covarrubias S.J. 
920 |a Impresos - Libros 
930 |a Fondos Especiales 
905 |a 134 
901 |a SBC08550  |b IT2  |c ESP  |u 20250521 
902 |a https://opac.biblio.iteso.mx/vufind/Record/000545032